000 00328nam a2200133Ia 4500
008 230917s9999||||xx |||||||||||||| ||und||
040 _e93146
_aMAIN
041 _aEnglish
082 _a677 M687U
100 _aMishra, Ramesh Chandra
245 0 _aUse of synthetic thickner in textile printing
300 _a47 p.
942 _cTH
999 _c50190
_d50190